<?xml version="1.0" encoding="UTF-8"?>
<record
    xmlns:xsi="http://www.w3.org/2001/XMLSchema-instance"
    xsi:schemaLocation="http://www.loc.gov/MARC21/slim http://www.loc.gov/standards/marcxml/schema/MARC21slim.xsd"
    xmlns="http://www.loc.gov/MARC21/slim">

  <leader>00568nam a22001577a 4500</leader>
  <controlfield tag="003">OSt</controlfield>
  <controlfield tag="005">20250610095910.0</controlfield>
  <controlfield tag="008">250610b        |||||||| |||| 00| 0 eng d</controlfield>
  <datafield tag="040" ind1=" " ind2=" ">
    <subfield code="c">AIMIT LIBRARY</subfield>
  </datafield>
  <datafield tag="100" ind1=" " ind2=" ">
    <subfield code="a">Paulose, Sunny Joel.</subfield>
    <subfield code="e">2217053</subfield>
    <subfield code="9">213836</subfield>
  </datafield>
  <datafield tag="245" ind1=" " ind2=" ">
    <subfield code="a">Development of e-brand pro software application for mutual fund distributors /</subfield>
    <subfield code="c">By Sunny Joel Paulose</subfield>
  </datafield>
  <datafield tag="700" ind1=" " ind2=" ">
    <subfield code="a">Santhosh B.</subfield>
    <subfield code="e">Mentor</subfield>
    <subfield code="9">213837</subfield>
  </datafield>
  <datafield tag="700" ind1=" " ind2=" ">
    <subfield code="a">Singh, Rajesh Kumar.</subfield>
    <subfield code="e">Guide</subfield>
    <subfield code="9">213838</subfield>
  </datafield>
  <datafield tag="856" ind1=" " ind2=" ">
    <subfield code="3">Zieers System Pvt Ltd Babusabpalya Kalyan Nagar Bangalore</subfield>
    <subfield code="u">www.zieers.com</subfield>
  </datafield>
  <datafield tag="942" ind1=" " ind2=" ">
    <subfield code="2">ddc</subfield>
    <subfield code="c">PRO</subfield>
  </datafield>
  <datafield tag="999" ind1=" " ind2=" ">
    <subfield code="c">234380</subfield>
    <subfield code="d">234380</subfield>
  </datafield>
  <datafield tag="952" ind1=" " ind2=" ">
    <subfield code="0">0</subfield>
    <subfield code="1">0</subfield>
    <subfield code="2">ddc</subfield>
    <subfield code="4">0</subfield>
    <subfield code="7">1</subfield>
    <subfield code="8">PR_MCA</subfield>
    <subfield code="a">AIMIT</subfield>
    <subfield code="b">AIMIT</subfield>
    <subfield code="d">2024-08-01</subfield>
    <subfield code="l">0</subfield>
    <subfield code="p">PRC01528</subfield>
    <subfield code="r">2025-06-10 10:02:36</subfield>
    <subfield code="t">2217053</subfield>
    <subfield code="u">www.zieers.com</subfield>
    <subfield code="w">2025-06-10</subfield>
    <subfield code="y">PRO</subfield>
  </datafield>
</record>
